[Event "ESP-ch U18"]
[Site "Salobrena"]
[Date "2019.07.24"]
[Round "5"]
[White "Sanchez Crespo, David"]
[Black "Orantes Taboada, Francisco"]
[Result "0-1"]
[WhiteElo "1894"]
[BlackElo "2297"]
[PlyCount "79"]
[EventDate "2019.07.22"]
[EventType "swiss"]
[EventRounds "9"]
[EventCountry "ESP"]
[SourceTitle "CBM 191 Extra"]
[Source "ChessBase"]
[SourceDate "2019.09.30"]
[SourceVersion "1"]
[SourceVersionDate "2019.09.30"]
[SourceQuality "1"]

1. d4 Nf6 2. c4 g6 3. Nc3 d5 4. Nf3 Bg7 5. Bf4 0-0 6. e3 c5 7. dxc5 Qa5 8. Rc1 dxc4 9. Bxc4 Nc6 10. 0-0 Qxc5 11. Nb5 Qh5 12. Be2 Bg4 13. Qb3 e5 14. Bg3 e4 15. Bd6 exf3 16. Rc5 fxe2 17. Rxh5 exf1Q+ 18. Kxf1 Bxh5 19. Bxf8 Bxf8 20. h3 Rd8 21. g4 Nxg4 22. hxg4 Bxg4 23. Kg2 h5 24. Nc3 Ne5 25. Kg3 Bf3 26. Kf4 Bd6 27. Ne4 Bxe4 28. Kxe4 b6 29. f4 Nd7 30. Kf3 Nf6 31. Qb5 Kg7 32. Qa4 Re8 33. b4 h4 34. a3 h3 35. Qd1 Rh8 36. e4 h2 37. Qh1 Rh3+ 38. Kg2 Nxe4 39. Qa1+ f6 40. Kxh3 0-1

[Event "Valladolid Aficionados op 3rd"]
[Site "Valladolid"]
[Date "2012.08.04"]
[Round "5"]
[White "Sanchez Crespo, David"]
[Black "Fernandez de la Fuente, Jose Antonio"]
[Result "0-1"]
[WhiteElo "1501"]
[BlackElo "1746"]
[PlyCount "42"]
[EventDate "2012.08.03"]
[EventType "swiss"]
[EventRounds "7"]
[EventCountry "ESP"]
[SourceTitle "EXT 2014"]
[Source "ChessBase"]
[SourceDate "2013.11.20"]
[SourceVersion "1"]
[SourceVersionDate "2013.11.20"]
[SourceQuality "1"]

1. d4 Nf6 2. c4 c6 3. Nc3 d5 4. Nf3 Bg4 5. e3 e6 6. Be2 Nbd7 7. b3 Bb4 8. Bb2 Qa5 9. Rc1 Ne4 10. Qc2 Bf5 11. a3 Bxc3+ 12. Bxc3 Nxc3 13. Qxc3 Qxa3 14. c5 b5 15. cxb6 axb6 16. Qxc6 0-0 17. 0-0 Nf6 18. Ra1 Qxa1 19. Rxa1 Rxa1+ 20. Bf1 Bd3 21. Nd2 Ne4 0-1